MARC details
| 000 -LEADER |
| fixed length control field |
01721cam a2200457 i 4500 |
| 001 - CONTROL NUMBER |
| control field |
200468068 |
| 003 - CONTROL NUMBER IDENTIFIER |
| control field |
TR-AnTOB |
| 005 - DATE AND TIME OF LATEST TRANSACTION |
| control field |
20260413114732.0 |
| 007 - PHYSICAL DESCRIPTION FIXED FIELD--GENERAL INFORMATION |
| fixed length control field |
ta |
| 008 - FIXED-LENGTH DATA ELEMENTS--GENERAL INFORMATION |
| fixed length control field |
260413s1974 nyu 000 f eng d |
| 016 ## - NATIONAL BIBLIOGRAPHIC AGENCY CONTROL NUMBER |
| Record control number |
(AMICUS)000026422075 |
| 035 ## - SYSTEM CONTROL NUMBER |
| System control number |
(CLU)5030806-ucladb-Voyager |
|
| System control number |
(OCoLC)01328038 |
|
| System control number |
(OCoLC)ocm01328038 |
|
| System control number |
(EXLNZ-01UCS_NETWORK)9913204095106531 |
|
| System control number |
(TR-AnTOB)200468068 |
| 040 ## - CATALOGING SOURCE |
| Original cataloging agency |
COO |
| Language of cataloging |
eng |
| Description conventions |
rda |
| Transcribing agency |
COO |
| Modifying agency |
IXA |
| -- |
OCLCQ |
| -- |
OCLCG |
| -- |
OCLCQ |
| -- |
OCLCF |
| -- |
OCLCQ |
| -- |
OCLCO |
| -- |
NLC |
| -- |
OCLCQ |
| -- |
DLM |
| -- |
OCL |
| -- |
OCLCO |
| -- |
OCLCQ |
| -- |
OCLCL |
| -- |
TR-AnTOB |
| 041 0# - LANGUAGE CODE |
| Language code of text/sound track or separate title |
İngilizce |
| 050 #4 - LIBRARY OF CONGRESS CALL NUMBER |
| Classification number |
PR6053.O45 |
| Item number |
U5 1974 |
| 090 ## - LOCALLY ASSIGNED LC-TYPE CALL NUMBER (OCLC); LOCAL CALL NUMBER (RLIN) |
| Classification number (OCLC) (R) ; Classification number, CALL (RLIN) (NR) |
PR6053.O45 |
| Local cutter number (OCLC) ; Book number/undivided call number, CALL (RLIN) |
U5 1974 |
| 100 1# - MAIN ENTRY--PERSONAL NAME |
| Personal name |
Compton, D. G. |
| Fuller form of name |
(David Guy), |
| Dates associated with a name |
1930- |
| Relator term |
author |
| Relator code |
aut |
| Authority record control number or standard number |
http://id.loc.gov/authorities/names/n79067864 |
| 9 (RLIN) |
153585 |
| 245 14 - TITLE STATEMENT |
| Title |
The unsleeping eye / |
| Statement of responsibility, etc. |
by D.G. Compton. |
| 264 #1 - PRODUCTION, PUBLICATION, DISTRIBUTION, MANUFACTURE, AND COPYRIGHT NOTICE |
| Place of production, publication, distribution, manufacture |
New York : |
| Name of producer, publisher, distributor, manufacturer |
DAW Books, |
| Date of production, publication, distribution, manufacture, or copyright notice |
1974. |
| 300 ## - PHYSICAL DESCRIPTION |
| Extent |
221 pages ; |
| Dimensions |
18 cm |
| 336 ## - CONTENT TYPE |
| Content type term |
text |
| Content type code |
txt |
| Source |
rdacontent |
| 337 ## - MEDIA TYPE |
| Media type term |
unmediated |
| Media type code |
n |
| Source |
rdamedia |
| 338 ## - CARRIER TYPE |
| Carrier type term |
volume |
| Carrier type code |
nc |
| Source |
rdacarrier |
| 490 0# - SERIES STATEMENT |
| Series statement |
Daw SF ; |
| Volume/sequential designation |
no. 102 |
| 500 ## - GENERAL NOTE |
| General note |
Issued in England as The continuous Katherine Mortenhoe. |
| 510 4# - CITATION/REFERENCES NOTE |
| Name of source |
Currey, L.W. Science fiction, |
| Location within source |
p. 124 |
| 650 #0 - SUBJECT ADDED ENTRY--TOPICAL TERM |
| Topical term or geographic name entry element |
Death |
| Form subdivision |
Fiction |
| 9 (RLIN) |
86518 |
|
| Topical term or geographic name entry element |
Immortalism |
| Form subdivision |
Fiction |
| 9 (RLIN) |
107049 |
|
| Topical term or geographic name entry element |
Mass media |
| Form subdivision |
Fiction |
| 9 (RLIN) |
153586 |
|
| Topical term or geographic name entry element |
Terminally ill |
| Form subdivision |
Fiction |
| 9 (RLIN) |
153587 |
|
| Topical term or geographic name entry element |
Reality television programs |
| Form subdivision |
Fiction |
| 9 (RLIN) |
153588 |
|
| Topical term or geographic name entry element |
Science fiction, English |
| Authority record control number or standard number |
http://id.loc.gov/authorities/subjects/sh85118644 |
| 9 (RLIN) |
153503 |
| 655 #7 - INDEX TERM--GENRE/FORM |
| Genre/form data or focus term |
Science fiction |
| Source of term |
lcgft |
| Authority record control number |
http://id.loc.gov/authorities/genreForms/gf2014026529 |
| 9 (RLIN) |
153063 |
| 942 ## - ADDED ENTRY ELEMENTS (KOHA) |
| Source of classification or shelving scheme |
Library of Congress Classification |
| Koha item type |
Book |